000
00269nam a22001097a 4500
082
_a
621.3919 SCO'A
100
_a
SCOTT, NORMAN R
_9
36565
245
_a
ANALOG AND DIGITAL COMPUTER TECHNOLOGY
260
_a
NEWYORK
_b
MCGRAW HILL
_c
1960
300
_a
XI, 522P
942
_c
BK
999
_c
567196
_d
567196